| 000 | 00443pab a2200181 454500 | ||
|---|---|---|---|
| 008 | 180718b2014 xxu||||| |||| 00| 0 eng d | ||
| 100 | _aRoss, Sandy | ||
| 245 | _aThe end(s) of economics and economic sociology | ||
| 260 | _c2014 | ||
| 300 | _ap.374-383. | ||
| 362 | _aSep | ||
| 650 | _aFinance | ||
| 650 | _aEconomic recession | ||
| 650 | _aEconomic sociology | ||
| 773 | _aInternational Sociology | ||
| 908 | _aN | ||
| 909 | _a105871 | ||
| 999 |
_c105866 _d105866 |
||